Die Anwendung des Convenience-Konzepts auf den Betriebstyp Vending

Furkejuvvon:
Bibliográfalaš dieđut
Váldodahkki: Hehle, Friederike
Searvvušdahkki: ProQuest (Firm)
Materiálatiipa: Elektrovnnalaš E-girji
Giella:duiskkagiella
Almmustuhtton: Frankfurt am Main ; New York : Lang, c2011.
Ráidu:Forschungsergebnisse der Wirtschaftsuniversitat Wien, Bd. 46
Fáttát:
Liŋkkat:Click to View
Fáddágilkorat: Lasit fáddágilkoriid
Eai fáddágilkorat, Lasit vuosttaš fáddágilkora!

MARC

LEADER 00000nam a2200000 a 4500
001 EBC1128978
003 MiAaPQ
005 20250214125436.0
006 m o d |
007 cr cn|||||||||
008 120419s2011 gw ad sb 000 0 ger d
010 |z  2011502249 
020 |z 3631617755 
020 |z 9783631617755 
020 |z 9783653024968 (e-book) 
035 |a (MiAaPQ)EBC1128978 
035 |a (Au-PeEL)EBL1128978 
035 |a (CaPaEBR)ebr10666098 
035 |a (CaONFJC)MIL473966 
035 |a (OCoLC)842849852 
040 |a MiAaPQ  |c MiAaPQ  |d MiAaPQ 
050 4 |a HF5483  |b .H44 2011 
100 1 |a Hehle, Friederike. 
245 1 4 |a Die Anwendung des Convenience-Konzepts auf den Betriebstyp Vending  |h [electronic resource] /  |c Friederike Hehle. 
260 |a Frankfurt am Main ;  |a New York :  |b Lang,  |c c2011. 
300 |a xxii, 299 p. :  |b ill. 
440 0 |a Forschungsergebnisse der Wirtschaftsuniversitat Wien,  |x 1613-3056 ;  |v Bd. 46 
500 |a Originally presented as the author's thesis (doctoral)--Wirtschaftsuniversitat Wien, 2010. 
504 |a Includes bibliographical references (p. 261-291). 
533 |a Electronic reproduction. Ann Arbor, MI : ProQuest, 2015. Available via World Wide Web. Access may be limited to ProQuest affiliated libraries. 
650 0 |a Vending machines. 
650 0 |a Vending machines  |x Customer services. 
655 4 |a Electronic books. 
710 2 |a ProQuest (Firm) 
856 4 0 |u http://ebookcentral.proquest.com/lib/daystar-ebooks/detail.action?docID=1128978  |z Click to View 
999 |c 239508  |d 239507